NBA DPOY Runner-Ups - Statistics

General Stats
  • This quiz has been taken 70 times
    34 since last reset
  • The average score is 30 of 43
Answer Stats
Year Team Player % Correct
2024 Spurs Victor Wembanyama
100%
2016 Warriors Draymond Green
96%
2015 Warriors Draymond Green
96%
2019 Bucks Giannis Antetokounmpo
96%
2018 76ers Joel Embiid
91%
2013 Heat LeBron James
91%
2009 Cavaliers LeBron James
91%
1993 Bulls Michael Jordan
91%
2017 Jazz Rudy Gobert
91%
1994 Spurs David Robinson
87%
1993 Spurs David Robinson
87%
1991 Spurs David Robinson
87%
1996 Bulls Scottie Pippen
87%
1995 Bulls Scottie Pippen
87%
2000 Lakers Shaquille O'Neal
87%
2023 Bucks Brook Lopez
83%
1990 Rockets Hakeem Olajuwon
83%
1989 Rockets Hakeem Olajuwon
83%
2011 Celtics Kevin Garnett
83%
2002 T-Wolves Kevin Garnett
83%
2001 T-Wolves Kevin Garnett
83%
1992 Pistons Dennis Rodman
78%
1998 SuperSonics Gary Payton
78%
1997 SuperSonics Gary Payton
78%
2004 Pistons Ben Wallace
74%
1999 Hawks Dikembe Mutombo
74%
2012 Thunder Serge Ibaka
74%
1985 Bucks Sidney Moncrief
65%
1988 Jazz Mark Eaton
61%
1984 Jazz Mark Eaton
61%
2021 76ers Ben Simmons
57%
2007 Spurs Bruce Bowen
52%
2006 Spurs Bruce Bowen
52%
2005 Spurs Bruce Bowen
52%
2003 Pacers Ron Artest
52%
2020 :alers Anthony Davis
48%
2022 Suns Mikal Bridges
48%
2014 Pacers Roy Hibbert
48%
1987 Spurs Alvin Robertson
39%
2010 Hawks Josh Smith
35%
1986 Bullets Manute Bol
22%
2008 Clippers Marcus Camby
4%
1983 Hawks Tree Rollins
4%
No matching quizzes found
Score Distribution
Percent of People with Each Score
Percentile by Number Answered
Your Score History
You have not taken this quiz since the last reset